<?xml version="1.0" encoding="UTF-8"?><?xml-stylesheet type="text/xsl" href="static/style.xsl"?><OAI-PMH xmlns="http://www.openarchives.org/OAI/2.0/" xmlns:xsi="http://www.w3.org/2001/XMLSchema-instance" xsi:schemaLocation="http://www.openarchives.org/OAI/2.0/ http://www.openarchives.org/OAI/2.0/OAI-PMH.xsd"><responseDate>2026-06-30T05:21:59Z</responseDate><request verb="GetRecord" identifier="oai:riubu.ubu.es:10259/6883" metadataPrefix="marc">https://riubu.ubu.es/oai/request</request><GetRecord><record><header><identifier>oai:riubu.ubu.es:10259/6883</identifier><datestamp>2024-05-17T09:33:20Z</datestamp><setSpec>com_10259.4_104</setSpec><setSpec>com_10259_2604</setSpec><setSpec>col_10259_6848</setSpec></header><metadata><record xmlns="http://www.loc.gov/MARC21/slim" xmlns:doc="http://www.lyncode.com/xoai" xmlns:xsi="http://www.w3.org/2001/XMLSchema-instance" xmlns:dcterms="http://purl.org/dc/terms/" xsi:schemaLocation="http://www.loc.gov/MARC21/slim http://www.loc.gov/standards/marcxml/schema/MARC21slim.xsd">
<leader>00925njm 22002777a 4500</leader>
<datafield tag="042" ind1=" " ind2=" ">
<subfield code="a">dc</subfield>
</datafield>
<datafield tag="720" ind1=" " ind2=" ">
<subfield code="a">Jiménez Alonso, Felipe</subfield>
<subfield code="e">author</subfield>
</datafield>
<datafield tag="260" ind1=" " ind2=" ">
<subfield code="c">2021-07</subfield>
</datafield>
<datafield tag="520" ind1=" " ind2=" ">
<subfield code="a">La presencia de asignaturas relacionadas con el Transporte y los Vehículos en las diferentes&#xd;
Escuelas de Ingeniería de España es muy dispar, aunque existen líneas bastante comunes.&#xd;
El presente estudio, promovido desde el Foro de Ingeniería del Transporte (FIT) pretende&#xd;
mostrar la enseñanza en vehículos terrestres y transportes en general en el ámbito de las&#xd;
titulaciones de Ingeniería Industrial y afines con el fin de establecer un punto de partida que&#xd;
promueva el diálogo entre profesores, determinar puntos comunes y dispares entre&#xd;
Universidades, y así establecer contenidos prioritarios en cada caso, así como promover la&#xd;
creación de nuevos materiales de estudio.&#xd;
Debe tenerse en cuenta que la Orden CIN/351/2009, de 9 de febrero, por la que se establecen&#xd;
los requisitos para la verificación de los títulos universitarios oficiales que habiliten para el&#xd;
ejercicio de la profesión de Ingeniero Técnico Industrial, no fija ningún conocimiento&#xd;
obligatorio relativo a transportes o vehículos. Sin embargo, la Orden CIN/311/2009, de 9 de&#xd;
febrero, por la que se establecen los requisitos para la profesión de Ingeniero Industrial,&#xd;
establece que es obligatorio que los alumnos alcancen “Conocimientos sobre métodos y&#xd;
técnicas del transporte y manutención industrial”.&#xd;
Según el requisito anterior, no existen directrices de obligado cumplimiento en relación con&#xd;
estas materias en las titulaciones de Grado y sólo se plantean exigencias en el Máster en&#xd;
Ingeniería Industrial.&#xd;
Por otra parte, en muchos casos, las fronteras entre Ingenierías resultan difusas por lo que el&#xd;
presente estudio puede recoger algunas titulaciones con sesgos más o menos centrados en la&#xd;
Ingeniería Industrial, pero con contribuciones de otras ramas de la ingeniería. En total, se&#xd;
han analizado 52 Universidades, 92 titulaciones de Grado y 88 titulaciones de Máster para&#xd;
mostrar un escenario, dinámico por otra parte, de este tipo de enseñanzas.</subfield>
</datafield>
<datafield tag="024" ind2=" " ind1="8">
<subfield code="a">978-84-18465-12-3</subfield>
</datafield>
<datafield tag="024" ind2=" " ind1="8">
<subfield code="a">http://hdl.handle.net/10259/6883</subfield>
</datafield>
<datafield tag="024" ind2=" " ind1="8">
<subfield code="a">10.36443/10259/6883</subfield>
</datafield>
<datafield ind1=" " ind2=" " tag="653">
<subfield code="a">Formación e innovación en el transporte</subfield>
</datafield>
<datafield ind1=" " ind2=" " tag="653">
<subfield code="a">Ingeniería industrial</subfield>
</datafield>
<datafield ind1=" " ind2=" " tag="653">
<subfield code="a">Training and innovation in transport</subfield>
</datafield>
<datafield ind1=" " ind2=" " tag="653">
<subfield code="a">Industrial engineering</subfield>
</datafield>
<datafield tag="245" ind1="0" ind2="0">
<subfield code="a">Análisis de las enseñanzas en vehículos y transportes en las titulaciones de Ingeniería Industrial y afines</subfield>
</datafield>
</record></metadata></record></GetRecord></OAI-PMH>